Pure Steel Type Pokémon - Statistics

General Stats
  • This quiz has been taken 66 times
    23 since last reset
  • The average score is 12 of 14
Answer Stats
Region Number Answer % Correct
0600 Klang
89%
Unova 0599 Klink
89%
0601 Klinklang
89%
Hoenn 0306 Mega Aggron
89%
0379 Registeel
89%
0879 Copperajah
83%
0878 Cufant
83%
0879 Gigantamax Copperajah
83%
0809 Gigantamax Melmetal
83%
0809 Melmetal
83%
??? 0808 Meltan
83%
Kanto 0052 Meowth (Galarian Form)
83%
Galar 0863 Perrserker
83%
Paldea 0968 Orthworm
78%
No matching quizzes found
Score Distribution
Percent of People with Each Score
Percentile by Number Answered
Your Score History
You have not taken this quiz since the last reset